| 000 | 00349nam a22001457a 4500 | ||
|---|---|---|---|
| 003 | OSt | ||
| 005 | 20160727222454.0 | ||
| 008 | 160705b xxu||||| |||| 00| 0 eng d | ||
| 040 | _cTEST | ||
| 100 |
_92138 _a Nygaard, N.E |
||
| 245 | _aChampion of Liberty | ||
| 260 |
_aMichigan _b Zondervan _c1964 |
||
| 300 | _aChampion of Liberty | ||
| 942 |
_2ddc _cBK |
||
| 999 |
_c1830 _d1830 |
||